الكشف عن وجوه القراءات السبع وعللها وحججها / (رقم التسجيلة. 7505)
[ عرض عادي ]
| 000 -الفاتح | |
|---|---|
| حقل البيانات ثابتة الطول | 01002cam a22002411a 4500 |
| 003 - محدد رقم الضبط | |
| رقم الضبط | OSt |
| 005 - وقت وتاريخ اخر تعامل مع التسجيلة | |
| رقم الضبط | 20150408113823.0 |
| 008 - عناصر البيانات ثابتة الطول - معلومات عامة | |
| حقل البيانات ثابتة الطول | 050310s1997 le g 000 0 ara c |
| 020 ## - الرقم الدولى المعيارى للكتب | |
| الرقم الدولى المعيارى للكتاب | 9773002012 |
| 040 ## - مصدر الفهرسة | |
| وكالة الفهرسة الأصلية | MU |
| لغة الفهرسة | ARA |
| وكالة النسخ | MB |
| 050 14 - رقم طلب مكتبة الكونجرس | |
| رقم التصنيف | BP131.5 |
| رقم المادة | .Q27 1997 |
| 082 04 - رقم تصنيف ديوى العشرى | |
| رقم التصنيف | 228.1 |
| رقم الطبعة | 21 |
| 100 1# - المدخل الرئيسى - إسم شخصى | |
| الإسم الشخصى | مكي بن حموش، مكي بن أبي طالب حموش بن محمد، |
| التواريخ المصاحبة للاسم | 355-437 هـ |
| 9 (RLIN) | 5164 |
| 245 10 - بيان العنوان | |
| العنوان | الكشف عن وجوه القراءات السبع وعللها وحججها / |
| بيان المسئوليه,etc | بو محمد مكي بن أبي طالب حموش القيسي ؛ تحقيق عبد الرحيم الطرهوني. |
| 246 30 - العنوان الموازى | |
| عنوان صحيح/عنوان مختصر | الكشف عن وجوه القراءات السبع وعللها وحججها |
| 250 ## - بيان الطبعة | |
| بيان الطبعة | ط. 1. |
| 260 ## - PUBLICATION, DISTRIBUTION, ETC. (IMPRINT) | |
| مكان الناشر او الموزع | القاهرة |
| اسم الناشر او الموزع | دار الحديث |
| تاريخ النشر أو التوزيع | 2007 |
| 300 ## - الوصف المادى | |
| التعداد | 2 ج. |
| أبعاد الوعاء | 24 سم |
| 630 27 - المدخل الاضافى بالموضوع - عنوان موحد | |
| عنوان موحد | القرآن |
| التقسيم الفرعي العام | القراءات السبع |
| مصدر الرأس أو المصطلح | aucut |
| 9 (RLIN) | 555 |
| 700 1# - المدخل الاضافى - اسم شخصى | |
| الإسم الشخصى | الطرهوني، عبد الرحيم |
| الدور | محقق. |
| 9 (RLIN) | 5165 |
| 730 2# - المدخل الاضافى- عنوان موحد | |
| عنوان موحد | القرآن |
| 942 ## - عناصر المدخل الإضافي( كوها) | |
| مصدر التصنيف او مخطط الترفيف | Dewey Decimal Classification |
| Koha [default] item type | كتاب |
| حالة الفقد | نموذج السعر الفعال | حالة تلف | ليس للاعارة | رقم الطلب | تاريخ الاكتساب | الموقع الحالي | الباركود | الفرع الرئيسي | Date last seen | نوع المادة فى نظام كوها | مصدر التصنيف او خطة الترفيف | Total Checkouts |
|---|---|---|---|---|---|---|---|---|---|---|---|---|
| 2013-03-10 | 228.1 ج1 م ح ك | 2011-10-06 | المكتبة المركزية بالمجمعة (CL) | 00069534 | المكتبة المركزية بالمجمعة (CL) | 2013-03-10 | كتاب | Dewey Decimal Classification | ||||
| 2013-03-10 | 228.1 ج1 م ح ك | 2011-10-06 | المكتبة المركزية بالمجمعة (CL) | 00069536 | المكتبة المركزية بالمجمعة (CL) | 2013-03-10 | كتاب | Dewey Decimal Classification | ||||
| 2013-03-10 | 228.1 ج1 م ح ك | 2011-10-06 | المكتبة المركزية بالمجمعة (CL) | 00069538 | المكتبة المركزية بالمجمعة (CL) | 2013-03-10 | كتاب | Dewey Decimal Classification | ||||
| 2013-03-10 | 228.1 ج2 م ح ك | 2011-10-06 | المكتبة المركزية بالمجمعة (CL) | 00069535 | المكتبة المركزية بالمجمعة (CL) | 2013-03-10 | كتاب | Dewey Decimal Classification | ||||
| 2013-03-10 | 228.1 ج2 م ح ك | 2011-10-06 | المكتبة المركزية بالمجمعة (CL) | 00069533 | المكتبة المركزية بالمجمعة (CL) | 2013-03-10 | كتاب | Dewey Decimal Classification | ||||
| 2013-03-10 | 228.1 ج2 م ح ك | 2011-10-06 | المكتبة المركزية بالمجمعة (CL) | 00069537 | المكتبة المركزية بالمجمعة (CL) | 2013-03-10 | كتاب | Dewey Decimal Classification |
